000 00692nam a22001937a 4500
003 OSt
005 20240525100633.0
008 240525b ||||| |||| 00| 0 eng d
040 _cAIMIT LIBRARY
100 _aZayeem, Mohammed.
_e2016084
_9167641
245 _aStudy customer perception with special reference on ganesh soaps and detergents /
_cBy Mohammed Zayeem ; Dhananjay K.
260 _aShirali ;
_c2022.
650 _aIndustry profile company profile and introduction to study
_9167654
650 _aProblem identification
_9167655
650 _aResearch methodology
_9167656
700 _aK, Dhananjay.
_eGuide
_9167642
856 _3Ganesh Soaps and detergents
942 _2ddc
_cPRO
999 _c230926
_d230926